El artículo 19 de la Ley 24.624, en lo que se refiere a la inembargabilidad de las cuentas corrientes y activos financiero del Estado (Registro nro. 24149)

Detalles MARC
000 -LEADER
fixed length control field 00404 a2200109 4500
001 - CONTROL NUMBER
control field ART_40030
005 - DATE AND TIME OF LATEST TRANSACTION
control field 20260410161841.0
008 - FIXED-LENGTH DATA ELEMENTS--GENERAL INFORMATION
fixed length control field 260409a
100 1# - MAIN ENTRY--PERSONAL NAME
Personal name Rossi, Guillermo
245 10 - TITLE STATEMENT
Title El artículo 19 de la Ley 24.624, en lo que se refiere a la inembargabilidad de las cuentas corrientes y activos financiero del Estado
773 0# - HOST ITEM ENTRY
Title RAP
Related parts - Año 23, Nº 274 (jul. 2001)
Record control number REV5941

No hay ítems disponibles.